000 00324nam a2200109Ia 4500
008 171211s9999 xx 000 0 und d
245 2 _aA Pilates' Primer: The Millennium Edition
245 _cJoseph Pilates and Judd Robbins
260 _c2000
650 _xFITNESS
856 _uhttp://down.ebook777.com/061/9781928564003.pdf
999 _c349115
_d349115